000 00328nam a22001457a 4500
008 210305b ||||| |||| 00| 0 eng d
020 _a0443080011
041 _aeng
080 _a61
082 _261
100 _a3
101 _aSHM
245 _aAtlas of Gray Scale Ultrasonography
_cKenneth J.W.Taylor
942 _2udc
_cBK
999 _c55774
_d55774